Namesakes - True or False - Statistics

General Stats
  • This quiz has been taken 378 times
  • The average score is 11 of 15
Answer Stats
Question Answer % Correct
McDonald's is named after the "Old MacDonald had a farm" song False
97%
The Nobel Prize is named after inventor Alfred Nobel True
97%
Hamburgers are named after ham False
94%
The Victoria Falls are named after Queen Victoria True
94%
Teddy bears are named after Theodore Roosevelt True
92%
The Michelin Guide is named after the Michelin tire company True
84%
Taylor Swift is named after Elizabeth Taylor False
77%
Bluetooth is named after Danish King Harald “Bluetooth” Gormsson True
74%
The Smithsonian is named after Joseph Smith False
73%
The Caesar salad is named after Julius Caesar False
67%
The Guinness World Records are named after Guinness Breweries True
67%
The term "boycott" is named after Charles Boycott True
63%
The city of St. Louis, MO is named after Louis XIV, the Sun King False
56%
New Zealand is named after the island of Zealand, in Denmark False
32%
Leonardo DiCaprio is named after Leonardo da Vinci True
31%
No matching quizzes found
Score Distribution
Percent of People with Each Score
Percentile by Number Answered
Your Score History
You have not taken this quiz